Statistics for Top Baby Girl Names so far in 2023 UK

Click here to take the quiz!

General Stats

  • This quiz has been taken 383 times
  • The average score is 55 of 100

Answer Stats

% Correct
3OOlivia
96%
1LLily
92%
2SSophia
91%
27IIsabelle
86%
4AAmelia
82%
23EEmily
82%
50SSophie
82%
37ZZoe
82%
87EEmma
81%
39AAyla
80%
25CCharlotte
80%
11GGrace
80%
8IIsabella
80%
9IIsla
80%
20MMia
80%
7AAva
78%
17EElla
78%
95LLucy
78%
91ZZahra
76%
36ZZara
76%
44HHannah
75%
54AAlice
74%
61EEllie
73%
58SSarah
73%
14WWillow
73%
5FFreya
71%
16IIvy
71%
22DDaisy
70%
38EEva
70%
82RRose
70%
51CChloe
69%
60PPenelope
69%
98LLara
68%
6AAria
67%
18EEvelyn
67%
33MMillie
67%
89OOlive
67%
19EEvie
66%
28LLuna
66%
88AAbigail
65%
21MMaya
65%
65MMaria
64%
63RRuby
64%
47VViolet
64%
26FFlorence
63%
12LLayla
63%
68NNora
63%
42RRosie
62%
70EEleanor
61%
78MMaddison
61%
76BBella
59%
15EElsie
59%
99LLeah
59%
29PPoppy
59%
79AAda
54%
10MMila
53%
41HHarper
52%
45MMaisie
52%
80CClara
51%
46SScarlett
50%
24SSienna
50%
71EErin
48%
59IImogen
48%
34PPhoebe
48%
75TThea
48%
84OOrla
46%
52EEsme
44%
32MMatilda
44%
100AAmber
43%
96AAmelie
43%
30AAurora
42%
48EEmilia
42%
90OOphelia
42%
67JJasmine
40%
66DDelilah
38%
85AArabella
37%
31FFatima
37%
72HHazel
37%
83NNova
35%
73RRiley
35%
56HHallie
32%
94CCora
31%
40DDarcie
31%
81NNiamh
31%
55BBonnie
30%
97GGabriella
29%
57LLottie
26%
77MMabel
25%
35EEliana
24%
64LLyra
22%
62MMaeve
22%
13MMaryam
20%
74RRobyn
20%
53AAisha
18%
86AAriella
18%
93AAthena
16%
92AAnaya
12%
49NNur
12%
69TTalia
12%
43AAyzal
3%

Score Distribution

Percentile by Number Answered

Percent of People with Each Score

Your Score History

You have not taken this quiz